Desmidioflorula de los lagos marginales del río Amazonas en Colombia (Registro nro. 13996)

Detalles MARC
000 -CABECERA
Campo de control 004250000a22001210004500
090 ## - CLASIFICACIÓN LOCAL
Colección AS
Consecutivo Seriadas
041 0# - IDIOMA
Código de idioma para texto/pista de sonido o título separado
100 1# - ASIENTO PRINCIPAL--NOMBRE PERSONAL
Nombre personal Duque, Santiago R.
245 10 - MENCION DE TITULO
Título Desmidioflorula de los lagos marginales del río Amazonas en Colombia
700 1# - ASIENTO SECUNDARIO - NOMBRE PERSONAL
Nombre personal Donato R., John Charles
773 1# - Item fuente:
Título Revista de la Academia Colombiana de Ciencias Exactas, Fisicas y Naturales
Especificación de materiales 32
Descripción física 76
Paginas del Articulo 57-61
Lugar, editorial y fecha de publicación 1996
Información sobre la relación 20
942 ## - ELEMENTOS ADICIONALES (KOHA)
Tipo de ítem Artículo

No hay ítems disponibles.